000 00967nam a2200289 a 4500
001
003 DO-SdBNP
005 20240624130501.0
008 130826s2008 ag a 000 0 spa d
020 _a9789507714986
040 _aDO-SdBNP
_bspa
_cBPMSU
082 _a372.41
_bP149l 2008
_222
245 0 3 _aEl país de la lectura /
_cselección Alicia Esaín ; ilustracines Damán Zain
246 1 4 _aEl país de los números :
_b Para leer disfrutando y comprender lo leído
250 _a
260 _aColombia :
_bArqueotipo Grupo Editorial,
_c2008
300 _a351 p. :
_bils. ;
_c27 cm.
490 0 _aBiblioteca Talleres Prácicos
500 _a
590 _aInventariado, 2024/VM
_6
650 4 _aComprensión de lectura
_xEnseñanza primaria
_x
650 4 _aLectura
_xEnseñanza primaria
700 1 _aZain, Damán
_eilustraciones
700 1 _aEsaín, Alicia
_eselección
910 _aVMateo V. Control de calidad. BPMSU
942 _2ddc
_cBK
999 _c14686
_d14686